| 000 | 02436nam0a2200373 i 4500 | ||
|---|---|---|---|
| 001 | RU\NLR\BIBL_A\011146170 | ||
| 005 | 20240921124025.0 | ||
| 010 |
_a9785731033923 _980 |
||
| 021 |
_aRU _b2016-40721 _92609 |
||
| 035 | _a(NILC)RuMoRGB-008489043 | ||
| 035 | _a(NLR Aleph) 011146170 | ||
| 090 |
_a11646014 _c11646014 |
||
| 100 | _a20160603d2015 u y0rusy50 ca | ||
| 101 | 0 |
_arus _deng |
|
| 102 | _aRU | ||
| 105 | _aa|||j|||000yy | ||
| 200 | 1 |
_aДокументирование управленческой деятельности предприятия _eучебное пособие _eдля студентов высших учебных заведений, обучающихся по направлению подготовки 38.03.02 - Менеджмент (профиль "Производственный менеджмент") _fЛ.П. Горобцова, И.С. Цыганков _gМ-во образования и науки Рос. Федерации, Федер. гос. бюджет. образоват. учреждение высш. проф. образования "С.-Петерб. гос. экон. ун-т", Каф. произв. менеджмента и инноваций |
|
| 210 |
_aСанкт-Петербург _cИзд-во Санкт-Петербургского государственного экономического университета _d2015 |
||
| 215 |
_a79 с. _cил. _d20 |
||
| 300 | _aВ вып. дан. 2-й авт.: Цыганов Игорь Сергеевич | ||
| 300 | _aРез. на англ. яз. | ||
| 320 | _aБиблиогр.: с. 72-74 (39 назв.) | ||
| 606 | 1 |
_aПредприятия _jУчебные издания для высших учебных заведений _xДокументооборот _92354413 _3RU\NLR\AUTH\661406398 |
|
| 606 | 1 |
_aДелопроизводство _jУчебные издания для высших учебных заведений _yРоссийская Федерация _92117619 _3RU\NLR\AUTH\661279103 |
|
| 675 | _a005 | ||
| 686 | 1 | _aУ21(2)286я73 | |
| 700 | 1 |
_aГоробцова _bЛ. П. _gЛюбовь Петровна |
|
| 701 | 1 |
_7ca _8rus _aЦыганков _bИ. С. _gИгорь Сергеевич _9160792 _3RU\NLR\AUTH\770160834 |
|
| 801 | 0 |
_aRU _bРГБ _c20160517 _gRCR |
|
| 801 | 2 |
_aRU _bРГБ _c20160519 _grcr |
|
| 942 | _cBOOK | ||
| 980 | _aNBR | ||